U.S. States with the Most Swedes - Statistics

General Stats
  • This quiz has been taken 32 times
  • The average score is 16 of 20
Answer Stats
Hint Answer % Correct
586,517 Minnesota
96%
9.9% Minnesota
96%
559,897 California
93%
213,134 Washington
89%
3.6% Washington
89%
155,010 Florida
85%
161,301 Michigan
85%
133,788 New York
85%
5.0% North Dakota
85%
3.9% South Dakota
81%
127,871 Texas
81%
303,044 Illinois
78%
3.4% Montana
78%
3.5% Idaho
74%
3.3% Iowa
74%
149,977 Wisconsin
74%
3.5% Wyoming
74%
4.9% Nebraska
63%
4.3% Utah
59%
119,267 Massachusetts
52%
No matching quizzes found
Score Distribution
Percent of People with Each Score
Percentile by Number Answered
Your Score History
You have not taken this quiz